| 000 | 00834nam a2200253Ii 4500 | ||
|---|---|---|---|
| 001 | 40606 | ||
| 005 | 20250901152121.0 | ||
| 008 | 241108s9999||||xx |||||||||||||| ||und|| | ||
| 020 | _a8401371031 | ||
| 040 |
_aCO-ViMGA _bspa _erda _cCO-ViMGA |
||
| 082 | 0 | 4 |
_a914 _bD35e _223 |
| 100 | 1 |
_aDelibes, Miguel _d1920-2010 _eautor _963459 |
|
| 245 | 1 | 0 |
_aEuropa : _bparada y fonda ; prólogo de Ramón García Domínguez _cMiguel Delibes |
| 250 | _aPrimera edición | ||
| 264 | 1 |
_aMadrid, España : _bPlaza & Janés, _c1981. |
|
| 300 |
_a239 páginas : _c19 cm. |
||
| 336 |
_atexto _btxt _2rdacontenido |
||
| 337 |
_ano mediado _bn _2rdamedio |
||
| 338 |
_avolumen _bnc _2rdasoporte |
||
| 650 | 1 | 7 | _aViajes |
| 651 |
_aEuropa _xDescripción y viajes _964485 |
||
| 700 | 1 |
_aGarcía Domínguez, Ramón, 1943 - _eprólogo _963352 |
|
| 942 |
_cBK _2ddc |
||
| 999 |
_c40606 _d40606 |
||